[Event "Pardubice Region-chT 2223"]
[Site "Czech Republic"]
[Date "2023.01.15"]
[Round "6.3"]
[White "Prochazka, Petr1111"]
[Black "Pejrimovska, Viola Ruby"]
[Result "1-0"]
[WhiteElo "1953"]
[BlackElo "1668"]
[PlyCount "57"]
[EventDate "2022.10.09"]
[EventType "team-tourn"]
[EventRounds "11"]
[EventCountry "CZE"]
[SourceTitle "EXT 2024"]
[Source "ChessBase"]
[SourceDate "2023.10.10"]
[SourceVersion "1"]
[SourceVersionDate "2023.10.10"]
[SourceQuality "1"]

1. e4 c5 2. Nf3 Nc6 3. d4 cxd4 4. Nxd4 Nf6 5. Nc3 e5 6. Ndb5 d6 7. Bg5 a6 8. Bxf6 gxf6 9. Na3 f5 10. Bd3 b5 11. Nd5 Bg7 12. c3 f4 13. Qh5 0-0 14. g3 f3 15. Nc2 f5 16. Nce3 Ne7 17. 0-0-0 Nxd5 18. Nxd5 Be6 19. exf5 Bf7 20. Qxf3 Qa5 21. Kb1 b4 22. Be4 bxc3 23. f6 Bh6 24. Qf5 Bg6 25. Ne7+ Kf7 26. Nxg6 Qb5 27. Bd5+ Ke8 28. Qe6+ Kd8 29. Qxd6+ 1-0

[Event "CZE-chT2D 2223"]
[Site "Czech Republic"]
[Date "2022.10.16"]
[Round "1.8"]
[White "Pejrimovska, Viola Ruby"]
[Black "Nosek, Jan"]
[Result "0-1"]
[WhiteElo "1668"]
[BlackElo "1862"]
[PlyCount "52"]
[EventDate "2022.10.16"]
[EventType "team-tourn"]
[EventRounds "11"]
[EventCountry "CZE"]
[SourceTitle "EXT 2024"]
[Source "ChessBase"]
[SourceDate "2023.10.10"]
[SourceVersion "1"]
[SourceVersionDate "2023.10.10"]
[SourceQuality "1"]
[WhiteTeam "Chotebor"]
[BlackTeam "Hradec Kralove Lipky"]
[WhiteTeamCountry "CZE"]
[BlackTeamCountry "CZE"]

1. e4 c5 2. b4 cxb4 3. a3 e5 4. Nf3 Nc6 5. Bb5 Nf6 6. 0-0 bxa3 7. Bxc6 dxc6 8. d4 Bg4 9. c3 Be7 10. h3 Bh5 11. g4 Bg6 12. Nxe5 Bxe4 13. Nd2 Bd5 14. c4 Be6 15. Ndf3 Nd7 16. Nxd7 Qxd7 17. Ne5 Qd8 18. f4 f6 19. g5 fxe5 20. fxe5 Bxc4 21. Rf2 a2 22. Bf4 0-0 23. Rc1 Bxg5 24. Bxg5 Qxg5+ 25. Rg2 Qe3+ 26. Kh2 Rf3 0-1

[Event "Ricany op 20th"]
[Site "Ricany"]
[Date "2022.08.28"]
[Round "3"]
[White "Pejrimovska, Viola Ruby"]
[Black "Kubicek, Daniel1111"]
[Result "1-0"]
[WhiteElo "1626"]
[BlackElo "1364"]
[PlyCount "77"]
[EventDate "2022.08.27"]
[EventType "swiss"]
[EventRounds "9"]
[EventCountry "CZE"]
[SourceTitle "CBM 210 Extra"]
[Source "ChessBase"]
[SourceDate "2022.11.30"]
[SourceVersion "1"]
[SourceVersionDate "2022.11.30"]
[SourceQuality "1"]

1. e4 e5 2. Nf3 Nc6 3. Nc3 Nf6 4. d4 exd4 5. Nd5 Bc5 6. Bf4 d6 7. Bd3 Be6 8. 0-0 Qd7 9. a3 0-0-0 10. b4 Bxd5 11. exd5 Nxd5 12. Bg5 f6 13. Bd2 Bb6 14. Be4 Nce7 15. a4 c5 16. b5 f5 17. Bd3 Bc7 18. Ng5 Rdf8 19. Re1 Rf6 20. a5 Bd8 21. a6 b6 22. Qf3 Kb8 23. Bc4 Nc3 24. Bf4 Nc8 25. Be6 Qc7 26. Bd5 Nxd5 27. Qxd5 h6 28. Ne6 Qd7 29. c3 dxc3 30. Rac1 c2 31. Rxc2 Re8 32. Rce2 g5 33. Nc7 Qxc7 34. Rxe8 gxf4 35. Rxd8 c4 36. Ree8 c3 37. Qa8+ Kxa8 38. Rxc8+ Qxc8 39. Rxc8# 1-0

[Event "Pardubice Czech op-B 32nd"]
[Site "Pardubice"]
[Date "2021.07.24"]
[Round "1"]
[White "Lys, Josef"]
[Black "Pejrimovska, Viola Ruby"]
[Result "1-0"]
[WhiteElo "2145"]
[BlackElo "1773"]
[PlyCount "111"]
[EventDate "2021.07.24"]
[EventType "swiss"]
[EventRounds "9"]
[EventCountry "CZE"]
[SourceTitle "EXT 2022"]
[Source "ChessBase"]
[SourceDate "2021.10.06"]
[SourceVersion "1"]
[SourceVersionDate "2021.10.06"]
[SourceQuality "1"]

1. d4 Nf6 2. c4 d6 3. Nc3 g6 4. e4 Bg7 5. Nf3 0-0 6. Be2 e5 7. dxe5 dxe5 8. Qxd8 Rxd8 9. Nxe5 Nxe4 10. Nxf7 Bxc3+ 11. bxc3 Kxf7 12. 0-0 Nc6 13. Bf3 Bf5 14. Bf4 g5 15. Bxc7 Rd7 16. Bg3 Nd2 17. Bd5+ Rxd5 18. cxd5 Nxf1 19. Rxf1 Ne7 20. Rd1 Rd8 21. d6 Ng6 22. Rd5 Ke6 23. Rb5 b6 24. Rb2 Nf4 25. h4 h6 26. Kh2 Rxd6 27. Rb4 Ke5 28. Rc4 Be6 29. Rc7 Kf5 30. Rxa7 Rd7 31. Ra6 Nd5 32. c4 Nf6 33. Rxb6 Ng4+ 34. Kh3 Rd1 35. Bb8 Rh1+ 36. Kg3 gxh4+ 37. Kf3 Re1 38. Rb5+ Kg6 39. c5 Nf6 40. Rb4 Kg5 41. Bf4+ Kf5 42. g4+ Nxg4 43. Kg2 Bd5+ 44. f3 h3+ 45. Kxh3 Bxf3 46. Bd2 Rg1 47. Rf4+ Kg6 48. Rxf3 h5 49. c6 Rh1+ 50. Kg3 Ne5 51. c7 h4+ 52. Kg2 Rd1 53. Rf2 Nd3 54. c8Q Nxf2 55. Qc2+ Kf6 56. Kxf2 1-0

[Event "Ricany op"]
[Site "Ricany"]
[Date "2020.08.24"]
[Round "4"]
[White "Pejrimovska, Viola Ruby"]
[Black "Cermak, Jan2222"]
[Result "1-0"]
[WhiteElo "1569"]
[BlackElo "1971"]
[PlyCount "38"]
[EventDate "2020.08.22"]
[EventType "swiss"]
[EventRounds "9"]
[EventCountry "CZE"]
[SourceTitle "CBM 198 Extra"]
[Source "ChessBase"]
[SourceDate "2020.11.30"]
[SourceVersion "1"]
[SourceVersionDate "2020.11.30"]
[SourceQuality "1"]

1. e4 e5 2. Nf3 Nf6 3. Nc3 Nc6 4. d4 exd4 5. Nd5 Nxd5 6. exd5 Bb4+ 7. Bd2 Qe7+ 8. Be2 d3 9. cxd3 Ne5 10. 0-0 Bd6 11. Nxe5 Qxe5 12. g3 0-0 13. Bc3 Qxd5 14. Bf3 Qg5 15. Re1 c6 16. Re4 b5 17. Rd4 Bc7 18. Be4 d5 19. f4 Bxf4 1-0

[Event "Prague Summer op-B 7th"]
[Site "Prague"]
[Date "2020.08.09"]
[Round "2"]
[White "Pejrimovska, Viola Ruby"]
[Black "Spanton, Timothy"]
[Result "1/2-1/2"]
[WhiteElo "1569"]
[BlackElo "1831"]
[PlyCount "101"]
[EventDate "2020.08.08"]
[EventType "swiss"]
[EventRounds "9"]
[EventCountry "CZE"]
[SourceTitle "EXT 2021"]
[Source "ChessBase"]
[SourceDate "2020.10.23"]
[SourceVersion "1"]
[SourceVersionDate "2020.10.23"]
[SourceQuality "1"]

1. e4 c5 2. b4 cxb4 3. a3 e5 4. Nf3 Nc6 5. Bc4 Nf6 6. d3 Be7 7. 0-0 0-0 8. axb4 Bxb4 9. c3 Be7 10. Re1 d6 11. Nbd2 Qc7 12. Bb2 Bg4 13. Nf1 d5 14. Bxd5 Nxd5 15. exd5 Nb8 16. h3 Bxf3 17. Qxf3 Nd7 18. c4 a6 19. Ne3 g6 20. Ng4 f6 21. Qe2 Bb4 22. Reb1 a5 23. d4 Rae8 24. dxe5 Nxe5 25. Nxe5 fxe5 26. Ba3 Bxa3 27. Rxa3 Rf4 28. Qa2 Rxc4 29. d6 Qf7 30. Rxb7 Qxb7 31. Qxc4+ Qf7 32. d7 Rd8 33. Qxf7+ Kxf7 34. Rxa5 Ke6 35. Ra6+ Ke7 36. Kf1 Rxd7 37. Ke2 Rd6 38. Ra7+ Rd7 39. Rxd7+ Kxd7 40. Kf3 Ke6 41. Ke4 h6 42. h4 h5 43. f3 Kd6 44. Kd3 Kd5 45. g3 Kd6 46. Ke4 Ke6 47. g4 hxg4 48. fxg4 Kd6 49. h5 gxh5 50. gxh5 Ke6 51. h6 1/2-1/2

[Event "CZE-ch U14 Girls"]
[Site "Kouty nad Desnou"]
[Date "2020.03.10"]
[Round "5"]
[White "Pejrimovska, Viola Ruby"]
[Black "Markova, Karolina"]
[Result "1/2-1/2"]
[WhiteElo "1600"]
[BlackElo "1497"]
[PlyCount "98"]
[EventDate "2020.03.07"]
[EventType "swiss"]
[EventRounds "7"]
[EventCountry "CZE"]
[SourceTitle "CBM 195 Extra"]
[Source "ChessBase"]
[SourceDate "2020.05.31"]
[SourceVersion "1"]
[SourceVersionDate "2020.05.31"]
[SourceQuality "1"]

1. e4 e5 2. Nf3 Nf6 3. Nxe5 d6 4. Nf3 Nxe4 5. Nc3 Nxc3 6. dxc3 Be7 7. Bf4 0-0 8. Qd2 Nc6 9. 0-0-0 Be6 10. Kb1 Bf6 11. Bd3 Ne5 12. Nxe5 dxe5 13. Be3 Be7 14. Qe2 Qe8 15. Bb5 c6 16. Bd3 f5 17. f3 Qf7 18. b3 a5 19. g4 b5 20. gxf5 Bxf5 21. Bxf5 Qxf5 22. Rdf1 a4 23. b4 Qf6 24. f4 exf4 25. Bd4 Qh4 26. Qe6+ Kh8 27. Rhg1 Bf6 28. Rg4 Rae8 29. Bxf6 Qxf6 30. Qxf6 Rxf6 31. Rgxf4 Ref8 32. Rxf6 Rxf6 33. Rxf6 gxf6 34. c4 bxc4 35. Kb2 f5 36. Kc3 Kg7 37. Kxc4 Kf6 38. Kd4 Ke6 39. c4 Kd6 40. h4 h5 41. a3 Ke6 42. c5 Kf6 43. Ke3 Ke5 44. Kf3 f4 45. Ke2 Ke6 46. Kf3 Ke5 47. Ke2 Ke6 48. Kd2 Kf5 49. Ke2 Ke6 1/2-1/2

[Event "CZE-ch U14 Girls"]
[Site "Kouty nad Desnou"]
[Date "2020.03.09"]
[Round "4"]
[White "Hosova, Sandra"]
[Black "Pejrimovska, Viola Ruby"]
[Result "1/2-1/2"]
[WhiteElo "1297"]
[BlackElo "1600"]
[PlyCount "178"]
[EventDate "2020.03.07"]
[EventType "swiss"]
[EventRounds "7"]
[EventCountry "CZE"]
[SourceTitle "CBM 195 Extra"]
[Source "ChessBase"]
[SourceDate "2020.05.31"]
[SourceVersion "1"]
[SourceVersionDate "2020.05.31"]
[SourceQuality "1"]

1. d4 Nf6 2. c4 g6 3. Nf3 Bg7 4. Nc3 0-0 5. e4 d6 6. Be2 Nbd7 7. 0-0 e5 8. h3 h6 9. Be3 Re8 10. Qd3 b6 11. b4 Bb7 12. d5 Kh7 13. Rfd1 Nh5 14. g3 Rf8 15. Nh4 Nhf6 16. Rac1 Ng8 17. Kh2 Ne7 18. Rg1 Kh8 19. Qd2 Kh7 20. Qd3 Kh8 21. Qd2 Kh7 22. Qd3 Nf6 23. g4 Rh8 24. Nf3 Kg8 25. Rh1 Bc8 26. Rcg1 Qd7 27. Kg2 g5 28. Nd2 Ng6 29. Kf1 a6 30. f3 Kf8 31. Kf2 Ke7 32. Nf1 Nf4 33. Bxf4 gxf4 34. Nh2 Bb7 35. Bf1 Rag8 36. Bg2 h5 37. Nf1 Bf8 38. Nd2 Bh6 39. Nb3 Ra8 40. Bf1 Bf8 41. g5 Ng8 42. g6 fxg6 43. Rxg6 Nf6 44. Rhg1 Qe8 45. c5 Qf7 46. cxb6 cxb6 47. b5 Bh6 48. Na4 Rhg8 49. R6g2 Nd7 50. Rxg8 Rxg8 51. bxa6 Bg5 52. Ke2 Ba8 53. Qb5 Qe8 54. Nxb6 Nxb6 55. Qxb6 Kf7 56. Qxd6 Qe7 57. Qxe7+ Bxe7 58. Rxg8 Kxg8 59. Na5 Bd6 60. Nc6 Kf8 61. Kd3 Ke8 62. Kc4 Kd7 63. Kb5 Kc7 64. a4 h4 65. a5 Bxc6+ 66. dxc6 Kb8 67. Bc4 Bc7 68. Be6 Bd6 69. Bc4 Ka7 70. Be6 Bc7 71. Kc5 Kxa6 72. Bd7 Kxa5 73. Bc8 Bb8 74. Bb7 Bc7 75. Kd5 Kb6 76. Ke6 Bb8 77. Kf5 Bd6 78. Kg5 Be7+ 79. Kf5 Bd6 80. Ke6 Bc7 81. Kd7 Bb8 82. Ke6 Bc7 83. Kf6 Bd6 84. Kg5 Be7+ 85. Kg4 Bd8 86. Kh5 Be7 87. Kg6 Bd8 88. Kf7 Bc7 89. Kf6 Bd6 1/2-1/2

[Event "EU Union-ch U14"]
[Site "Kouty nad Desnou"]
[Date "2019.08.23"]
[Round "8"]
[White "Pejrimovska, Viola Ruby"]
[Black "Nespora, Tatana"]
[Result "1-0"]
[WhiteElo "1643"]
[BlackElo "1327"]
[PlyCount "55"]
[EventDate "2019.08.16"]
[EventType "swiss"]
[EventRounds "9"]
[EventCountry "CZE"]
[SourceTitle "EXT 2020"]
[Source "ChessBase"]
[SourceDate "2019.10.17"]
[SourceVersion "1"]
[SourceVersionDate "2019.10.17"]
[SourceQuality "1"]

1. e4 c5 2. b4 cxb4 3. a3 b3 4. c4 e5 5. Bb2 d6 6. Nc3 Nc6 7. Nf3 Nf6 8. Be2 Be7 9. 0-0 Bg4 10. Qxb3 Nd4 11. Nxd4 exd4 12. Bxg4 dxc3 13. Qxc3 Rg8 14. Bf3 Rc8 15. Rfe1 Kf8 16. d4 b5 17. Qe3 bxc4 18. e5 dxe5 19. dxe5 Bc5 20. Qe2 Nd5 21. Rad1 Qb6 22. Bxd5 c3 23. Bxc3 Bxa3 24. Qf3 Qc7 25. e6 f6 26. Bxf6 gxf6 27. Qxf6+ Ke8 28. Bc6+ 1-0